000 00469nam a2200169Ia 4500
999 _c12670
_d12670
003 OSt
005 20201023122246.0
008 190216s9999||||xx |||||||||||||| ||und||
040 _coclc
082 _a823.912
_bCON/U
100 _aConrad, Joseph
_94795
245 0 _aUnder Western Eyes /
_cJoseph Conrad
260 _bPenguin Books,
_c1973.
_aEngland:
300 _a135p
650 _aNovel
942 _cBK
_2ddc
_h823.912
_iCON/U
_k823.912
_mCON/U